Torschützenkönige in der Geschichte von Werder Bremen - Statistiken

Allgemein
  • Dieses Quiz wurde 81 mal gespielt
  • Das Durchschnittsergebnis liegt bei 4 aus 10
Antwortstatistiken
Tore Nationalität Spieler % Korrekt
153 Peru Claudio Pizarro
100%
106 Brasilien Aílton
90%
134 Deutschland Marco Bode
72%
119 Deutschland Rudi Völler
69%
200 Deutschland Arnold Schütz
32%
141 Deutschland Frank Neubarth
29%
113 Deutschland Norbert Meier
24%
118 Deutschland Uwe Reinders
21%
138 Deutschland Karl-Heinz Preuße
6%
146 Deutschland Willi Schröder
6%
Keine übereinstimmenden Quizze gefunden
Verteilung der Resultate
Anzahl Personen mit jedem Resultat
Perzentil nach korrekt beantworteten Fragen
Ihre Resultats-Entwicklung
Sie haben dieses Quiz noch nicht gespielt